000 00323nam a22001457a 4500
008 221114b ||||| |||| 00| 0 eng d
020 _a0935702059
041 _aeng
080 _a521
082 _a521SHU
100 _a19.1
101 _aASTRO
245 _aAN INTRODUCTION TO ASTRONOMY
_cSHU H FRANK
942 _2udc
_cBK
999 _c58882
_d58882